[Event "38th Olympiad"]
[Site "Dresden GER"]
[Date "2008.11.14"]
[Round "2"]
[White "Lanka,Z"]
[Black "Almasi,Z"]
[Result "1/2-1/2"]
[WhiteElo "2491"]
[BlackElo "2663"]

1.e4 c5 2.Nf3 e6 3.d4 cxd4 4.Nxd4 a6 5.Nc3 Qc7 6.Bd3 Nf6 7.f4 d6 8.Qf3 Nbd7
9.g4 Nc5 10.g5 Nfd7 11.Bd2 b5 12.a3 Bb7 13.b4 Nxd3+ 14.cxd3 Rc8 15.Rc1 g6
16.Nce2 Qd8 17.Rxc8 Qxc8 18.O-O Bg7 19.Rc1 Qa8 20.Qh3 Qd8 21.Nc6 Bxc6 22.Rxc6 Nb8
23.Rc2 O-O 24.Be3 Qd7 25.Qf1 Rc8 26.Qc1 Rxc2 27.Qxc2 Nc6 28.Kg2 d5 29.h3 h6
30.gxh6 Bxh6 31.Bf2 e5 32.Nc3 dxe4 33.Nxe4 Bg7 34.Be3 exf4 35.Bxf4 Nd4 36.Qc7 Qd5
37.Qd6 Qa2+ 38.Bd2 Ne6 39.Qxa6 f5 40.Nf2 Qd5+ 41.Kf1 Kh7 42.Qc8 Qa2 43.Qc1 Nd4
44.Qd1 Qxa3 45.h4 Qa4 46.Be3 Qxb4 47.h5 Qb3 48.hxg6+ Kxg6 49.Qa1 Qa4 50.Qc3 Qc2
51.Qe1 Qc6 52.Bf4 Nc2 53.Qe7 Nd4 54.Qg5+ Kf7 55.Qh5+ Qg6 56.Qh1 Qe6 57.Qh5+ Kg8
58.Nh3 Qf7 59.Qh4 Ne6 60.Ng5 Nxg5 61.Qxg5 Qd5 62.Qg3 b4 63.Bd2 Qb7 64.Qe3 b3
65.Qe8+ Kh7 66.Qh5+ Kg8 67.Qe8+ Bf8 68.Qe6+ Qf7 69.Qb6 Kh7 70.Bc3 Qd5 71.Qc7+ Kg6
72.Qg3+ Kf7 73.Qh3 Be7 74.Ke2 Qe6+ 75.Kd1 Qg6 76.Qh1 f4 77.Qd5+ Qe6 78.Qh5+ Qg6
79.Qd5+ Kf8 80.Qa8+ Qe8 81.Qd5 Qf7 82.Qa8+ Qe8 83.Qd5 Qc8 84.Qxb3 Qg4+ 85.Kc2 f3
86.Qb8+ Kf7 87.Qb3+ Qe6 88.Qxe6+ Kxe6 89.Kd2 Bg5+ 90.Ke1  1/2-1/2

[Event "38th Olympiad"]
[Site "Dresden GER"]
[Date "2008.11.16"]
[Round "4"]
[White "Iuldachev,S"]
[Black "El Debs,F"]
[Result "0-1"]
[WhiteElo "2511"]
[BlackElo "2447"]

1.e4 c5 2.Nf3 e6 3.Nc3 a6 4.d4 cxd4 5.Nxd4 Nc6 6.Nxc6 bxc6 7.Bd3 d5 8.O-O Nf6
9.Qe2 Be7 10.b3 Bb7 11.Bb2 O-O 12.Na4 Qc7 13.e5 Nd7 14.c4 dxc4 15.Bxc4 Nb6
16.Nxb6 Qxb6 17.Rac1 Rfd8 18.Rc3 Rd7 19.Rh3 c5 20.Qh5 Be4 21.Qe2 Qb7 22.f4 g6
23.f5 gxf5 24.Qh5 f4 25.Rxf4 Bf8 26.Rg4+ Bg7 27.Rxg7+ Kxg7 28.Qh6+ Kg8 29.Rg3+ Bg6
30.h4 Qe4 31.Kh2 Rd1 32.Bc3 Qb1 33.Rf3 Rh1+ 34.Kg3 Qg1 35.Rf2 Qh2+ 36.Kg4 Bf5+
37.Kg5 Qg3+ 38.Kf6 Rxh4 39.Qg5+ Qxg5+ 40.Kxg5 Rg4+ 41.Kh5 Rg3 42.Bd2 Rd8
43.Bf4 Rg4 44.Be2 Rg6 45.Bxa6 Rd1 46.Rf1 Rxg2 47.Be3 Rd5 48.Bb7 Rxe5 49.Bxg2 Bd3+
50.Bg5 Bxf1 51.Bxf1 f6  0-1

[Event "38th Olympiad w"]
[Site "Dresden GER"]
[Date "2008.11.21"]
[Round "8"]
[White "Pourkashiyan,A"]
[Black "Ortiz,Na"]
[Result "1-0"]
[WhiteElo "2241"]
[BlackElo "2230"]

1.e4 c5 2.Nf3 e6 3.d4 cxd4 4.Nxd4 a6 5.Nc3 Qc7 6.g3 Nc6 7.Bg2 d6 8.O-O Nf6
9.Re1 Be7 10.Nxc6 bxc6 11.e5 dxe5 12.Rxe5 O-O 13.Bf4 Qb7 14.Na4 Nd5 15.Bd2 Rd8
16.Ba5 Rd7 17.Qg4 Qb5 18.Bc3 Bf8 19.b3 f6 20.Ree1 e5 21.Bf1 Qb7 22.Ba5 Rf7
23.Qe4 Bb4 24.Bxb4 Qxb4 25.Bc4 Be6 26.Bxd5  1-0

[Event "38th Olympiad"]
[Site "Dresden GER"]
[Date "2008.11.22"]
[Round "9"]
[White "Raes,A"]
[Black "Rocha,S"]
[Result "1-0"]
[WhiteElo "2202"]
[BlackElo "2417"]

1.e4 c5 2.Nf3 e6 3.d4 cxd4 4.Nxd4 a6 5.Nc3 Nc6 6.Be3 Nge7 7.Be2 Nxd4 8.Qxd4 Nc6
9.Qd2 b5 10.f4 d6 11.Bf3 Qc7 12.O-O Be7 13.Ne2 O-O 14.Nd4 Nxd4 15.Bxd4 e5
16.Be3 Bb7 17.f5 Rfc8 18.Rf2 Qc4 19.Qd3 Rc7 20.g4 h6 21.Rg2 Qxd3 22.cxd3 Bg5
23.Bxg5 hxg5 24.Rd2 Rac8 25.Re1 Rc2 26.Ree2 Rc1+ 27.Kf2 Kf8 28.d4 Ke7 29.d5 Kd7
30.Re1 R8c4 31.Rxc1 Rxc1 32.Bd1 a5 33.Be2 b4 34.Bd3 Ra1 35.b3 Kc7 36.Rb2 f6
37.Bb1 Kb6 38.Ke3 Ba6 39.Kf3 Kc5 40.Ke3 Bb5 41.Rc2+ Kb6 42.Rc1 a4 43.bxa4 Bxa4
44.Kd2 Ka5 45.Re1 b3 46.axb3 Bxb3 47.Ke2 Kb4 48.Kd2 Kc5 49.Ke2 Kd4 50.Kf2 Ba2
51.Bxa2 Rxa2+ 52.Kf3 Ra3+  1-0

[Event "38th Olympiad w"]
[Site "Dresden GER"]
[Date "2008.11.22"]
[Round "9"]
[White "Pintor,A"]
[Black "De la Cruz,M"]
[Result "1/2-1/2"]
[WhiteElo "2152"]
[BlackElo "2045"]

1.e4 c5 2.Nf3 e6 3.Nc3 a6 4.d4 cxd4 5.Nxd4 Qc7 6.g3 Nf6 7.Bg2 Nc6 8.O-O Be7
9.a4 h5 10.Bg5 Nxd4 11.Qxd4 Bc5 12.Qd1 Ng4 13.Bh3 d6 14.Qe2 f6 15.Bd2 Qf7
16.a5 g5 17.Na4 Ba7 18.Nb6 Bxb6 19.axb6 Bd7 20.Bb4 Rc8 21.Rfd1 Bb5 22.Qd2 Rd8
23.Bxd6 Ne5 24.Qb4 Nf3+ 25.Kh1 g4 26.Bc7 Rd7 27.Bf1 Bxf1 28.Rxf1 h4 29.Rxa6 bxa6
30.b7 Qg7 31.b8=Q+ Kf7 32.Q8b6 hxg3 33.Bxg3 Nxh2 34.Bxh2 Qh6 35.Qb8 Rxb8
36.Qxb8 Qh3 37.Kg1 Qf3 38.Qf4 Qe2 39.e5 f5 40.c4 Rd3 41.Qh6 Rd1 42.Qf6+ Kg8
43.Qxe6+ Kg7 44.Qf6+ Kg8 45.Qg5+ Kh8 46.Qh6+ Kg8 47.Qg6+ Kh8 48.Qe8+ Kg7
49.Qe7+ Kg8 50.Qe6+ Kg7 51.Rxd1 Qxd1+ 52.Kg2 Qf3+ 53.Kg1 Qd1+ 54.Kg2  1/2-1/2

[Event "38th Olympiad w"]
[Site "Dresden GER"]
[Date "2008.11.22"]
[Round "9"]
[White "Hund,B"]
[Black "Vasquez Ramirez,R"]
[Result "0-1"]
[WhiteElo "2216"]
[BlackElo "2284"]

1.e4 c5 2.Nf3 e6 3.d4 cxd4 4.Nxd4 a6 5.Nc3 d6 6.f4 Nc6 7.Be2 Nxd4 8.Qxd4 Ne7
9.Qf2 b5 10.Bd3 Nc6 11.Be3 Rb8 12.O-O Be7 13.Ne2 Bh4 14.Qf3 O-O 15.c3 e5
16.f5 Bg5 17.Bf2 Bb7 18.Rad1 Qe7 19.Qg4 f6 20.c4 b4 21.b3 a5 22.Bc2 Ra8 23.Kh1 Nb8
24.Rd3 Nd7 25.Rfd1 Ra6 26.c5 d5 27.exd5 Nxc5 28.Rh3 Rc8 29.Ng1 Rd6 30.Be4 Nxe4
31.Qxe4 Qd7 32.Rhd3 Rd8 33.Qg4 Ba6 34.Rh3 Rxd5 35.Rxd5 Qxd5 36.Bb6 Rc8 37.Rf3 Rc1
38.h4 Bf4 39.Qh5 Bb5 40.Rf2 Bc6 41.Qe2 Qe4 42.Qxe4 Bxe4 43.Rxf4 exf4 44.Bxa5 Rc2
45.Nf3 Rxa2 46.Bxb4 Rb2 47.Bd6 Bxf5 48.Bxf4 Rxb3 49.Kh2 Rb4 50.Bd6 Rb2 51.Bf4 Be4
52.Nd2 Bd5 53.Kg3 h6 54.Be3 g5 55.hxg5 hxg5 56.Kf2 Kf7 57.g3 Kg6 58.Ke1 Kf5
59.Bd4 Ra2 60.Nf1 Bf3 61.Nd2 Bd5 62.Nf1 Ra6 63.Nd2 Kg4 64.Kf2 f5 65.Be5 Ra2
66.Ke1 Bf3 67.Bc7 Ra7 68.Bd6 Ra6 69.Bc7 Re6+ 70.Kf1 Rh6 71.Nc4 Rh1+ 72.Kf2 Rh2+
73.Ke3 Re2+ 74.Kd3 f4 75.gxf4 gxf4 76.Ne5+ Kf5 77.Nc4 Re7 78.Nd6+ Kg4 79.Bb8 Rd7
80.Kd4 Bg2 81.Ke5 f3 82.Nf5 Rd5+ 83.Kxd5 Kxf5 84.Kd4  0-1

[Event "38th Olympiad"]
[Site "Dresden GER"]
[Date "2008.11.22"]
[Round "9"]
[White "Ozanne,M2"]
[Black "Salov,S"]
[Result "0-1"]
[WhiteElo "2042"]
[BlackElo "2269"]

1.e4 c5 2.Nf3 e6 3.d4 cxd4 4.Nxd4 a6 5.Nc3 Qc7 6.Bd3 Nc6 7.Be3 Nf6 8.O-O Bd6
9.f4 Bc5 10.Nf5 Bxe3+ 11.Nxe3 d6 12.Kh1 b6 13.Qe2 Bb7 14.Rad1 O-O 15.Qf2 b5
16.Qh4 h6 17.Rf3 Qe7 18.Rg3 Nxe4 19.Rxg7+ Kxg7 20.Qg4+ Ng5 21.fxg5 Qxg5 22.Qe4 f5
23.Qxe6 Nd4  0-1

[Event "TCh-NED 2008-9"]
[Site "Netherlands NED"]
[Date "2008.11.22"]
[Round "3"]
[White "Burg,T"]
[Black "Landa,K"]
[Result "0-1"]
[WhiteElo "2359"]
[BlackElo "2615"]

1.e4 c5 2.Nf3 e6 3.d4 cxd4 4.Nxd4 a6 5.Nc3 Qc7 6.Bd3 Nf6 7.Qe2 Bd6 8.Ndb5 axb5
9.Nxb5 Qa5+ 10.Bd2 Bb4 11.Bxb4 Qxb4+ 12.c3 Qc5 13.e5 Nd5 14.Nd6+ Kf8 15.Qf3 f5
16.Bxf5 Nf6 17.exf6 Qxd6 18.fxg7+ Kxg7 19.Be4 Qe5 20.O-O Rf8 21.Qg4+ Kh8
22.Qh4 Qg7 23.Rfe1 Nc6 24.Re3 d5 25.Bc2 e5 26.Rg3 Qe7 27.Rg5 Bf5 28.Bb3 Be4
29.Re1 Rf5 30.Rg4 Qxh4 31.Rxh4 Rg5 32.g3 Rf8 33.c4 Nd4 34.Bd1 Bf3 35.Rh6 dxc4  0-1

[Event "TCh-BEL 2008-9"]
[Site "Belgium BEL"]
[Date "2008.11.23"]
[Round "4"]
[White "Vedder,H"]
[Black "Rotstein,A"]
[Result "0-1"]
[WhiteElo "2358"]
[BlackElo "2496"]

1.e4 c5 2.Nf3 e6 3.Nc3 a6 4.d4 cxd4 5.Nxd4 Qc7 6.Bd3 Nf6 7.O-O Be7 8.Kh1 d6
9.f4 Nbd7 10.Qe1 O-O 11.b3 b5 12.Bb2 Bb7 13.Qg3 g6 14.Rae1 Nh5 15.Qh3 Bf6
16.Nce2 Bg7 17.Ba1 Nc5 18.Ng3 Nxg3+ 19.Qxg3 Rae8 20.f5 exf5 21.exf5 Nxd3
22.cxd3 Rxe1 23.Rxe1 Qc5 24.Qf2 Qd5 25.f6 Bxf6 26.Nf5 Qxf5 27.Qxf5 gxf5 28.Bxf6 Rc8
29.Kg1 h5 30.Re2 Kh7 31.Be7 Rc6 32.g3 Kg6 33.Kf2 a5 34.Ke3 a4 35.bxa4 bxa4
36.Rb2 Bc8 37.Rb4 Ra6 38.a3 Be6 39.Rd4 d5 40.Rb4 Bd7 41.Kd4 Re6 42.Bc5 h4
43.gxh4 f4 44.Rb2 Kf5 45.Rf2 Bc6 46.Bb6 Rh6 47.Bd8 f6 48.Rc2 Be8 49.Kxd5 Rxh4
50.Rf2 Bb5 51.d4 Rh3 52.Kc5 Be8 53.d5 Rxa3 54.d6 Rd3 55.h4 a3 56.Be7 Bf7
57.Kc6 a2 58.Rf1 Rc3+ 59.Kb6 Rb3+ 60.Kc7 Be6 61.Ra1 Rc3+ 62.Kb6 Rd3 63.h5 f3
64.h6 Kg6 65.Kc5 f2 66.Rh1 Bh3 67.h7 Kxh7  0-1

[Event "sub-zt 2.3.4 Absoluto"]
[Site "San Andres COL"]
[Date "2008.11.26"]
[Round "1"]
[White "Sanchez,V"]
[Black "Zuluaga,C"]
[Result "1/2-1/2"]
[WhiteElo "2170"]
[BlackElo "2320"]

1.e4 c5 2.Nf3 e6 3.d4 cxd4 4.Nxd4 a6 5.Nc3 Qc7 6.Be2 Nc6 7.Be3 d6 8.O-O Nf6
9.f3 Be7 10.Qd2 Ne5 11.Rad1 Nc4 12.Bxc4 Qxc4 13.Qd3 Qxd3 14.Rxd3 Bd7 15.Rfd1 Rc8  1/2-1/2

[Event "21st Belgrade Trophy"]
[Site "Obrenovac SRB"]
[Date "2008.11.28"]
[Round "2"]
[White "Volas,N"]
[Black "Cabrilo,G"]
[Result "0-1"]
[WhiteElo "2114"]
[BlackElo "2500"]

1.e4 c5 2.Nf3 e6 3.d4 cxd4 4.Nxd4 a6 5.Nc3 Qc7 6.g3 Bb4 7.Ne2 Nf6 8.Bg2 Be7
9.O-O O-O 10.h3 Nc6 11.g4 Rd8 12.Bf4 d6 13.Ng3 b5 14.g5 Nd7 15.Nf5 Nde5 16.Nxe7+ Nxe7
17.Bg3  0-1

[Event "UTD Invitational GM"]
[Site "Richardson USA"]
[Date "2008.11.28"]
[Round "6"]
[White "Ramirez,Alej"]
[Black "Bercys,S"]
[Result "1-0"]
[WhiteElo "2533"]
[BlackElo "2428"]

1.e4 c5 2.Nc3 e6 3.Nf3 a6 4.d4 cxd4 5.Nxd4 Qc7 6.Be2 Nf6 7.O-O Bb4 8.Qd3 Nc6
9.Nxc6 bxc6 10.f4 d5 11.e5 Nd7 12.Kh1 O-O 13.Qh3 f5 14.g4 Rb8 15.gxf5 exf5
16.Be3 Nb6 17.Rad1 Nc4 18.Na4 Be7 19.b3 Nxe3 20.Qxe3 a5 21.c4 Be6 22.cxd5 Bxd5+
23.Bf3 Bxf3+ 24.Qxf3 Rfd8 25.Nb2 g6 26.Nc4 Rxd1 27.Rxd1 Rd8 28.Kg2 Rxd1 29.Qxd1 Qa7
30.a4 Kf7 31.Qd2 Bb4 32.Qd8 Qe7 33.Qh8 Qh4 34.h3 Qh5 35.Qf6+ Kg8 36.Qd8+ Kg7
37.Qd3 Qh4 38.Qd4 Qe1 39.e6+ Kg8 40.Qe5 Qh4 41.Nxa5 Bxa5 42.e7  1-0

[Event "Snowdrops vs Old-hands"]
[Site "Marianske Lazne CZE"]
[Date "2008.11.29"]
[Round "1"]
[White "Jackova,J"]
[Black "Karpov,Ana"]
[Result "1-0"]
[WhiteElo "2360"]
[BlackElo "2651"]

1.e4 c5 2.Nf3 e6 3.d4 cxd4 4.Nxd4 a6 5.Nc3 Qc7 6.Bd3 Nf6 7.O-O Bd6 8.f4 Bc5
9.Ne2 Nc6 10.c3 d6 11.Kh1 Bd7 12.Qe1 O-O 13.Qh4 Rfe8 14.Nf3 e5 15.b4 Bb6
16.fxe5 dxe5 17.Ng5 h6 18.Rxf6 hxg5 19.Bxg5 Be6 20.Nf4 Ne7 21.Nd5 Qd7 22.Rh6 Ng6  1-0

[Event "Mediterranean Open"]
[Site "Rijeka CRO"]
[Date "2008.11.29"]
[Round "1"]
[White "Pejic,Ig"]
[Black "Sandalakis,A"]
[Result "0-1"]
[WhiteElo "1854"]
[BlackElo "2376"]

1.e4 c5 2.Nf3 e6 3.Nc3 a6 4.d4 cxd4 5.Nxd4 Qc7 6.a3 Nf6 7.Be3 Be7 8.Be2 O-O
9.O-O d6 10.f3 Nbd7 11.Qd2 Ne5 12.Rad1 Bd7 13.Nb3 b5 14.Kh1 Nc4 15.Qc1 Nxa3
16.bxa3 Qxc3 17.Bg5 Rac8 18.Bd3 Rfe8 19.Rfe1 h6 20.Bd2 Qc7 21.Qb2 e5 22.Rc1 Be6
23.c4 bxc4 24.Bxc4 Qb7 25.Bxe6 fxe6 26.Qa2 Rxc1 27.Rxc1 Kf7 28.Rb1 Rb8 29.Bc3 Qc6
30.Rc1 Qb5 31.Rb1 Qd3 32.Qb2 Nd7 33.Bb4 Rc8 34.Re1 Nb6 35.Qb1 Qb5 36.Rd1 Nc4
37.Qd3 Nb2 38.Qxb5 axb5 39.Rd2 Nc4 40.Rc2 Ra8 41.Ra2 d5 42.Bxe7 Kxe7 43.exd5 exd5  0-1

[Event "Mediterranean Open"]
[Site "Rijeka CRO"]
[Date "2008.11.29"]
[Round "1"]
[White "Gradiser,D"]
[Black "Brkic,A"]
[Result "0-1"]
[WhiteElo "2044"]
[BlackElo "2558"]

1.e4 c5 2.Nf3 e6 3.d4 cxd4 4.Nxd4 a6 5.Nc3 d6 6.Be2 b5 7.Be3 Bb7 8.Bf3 Nd7
9.a3 Ngf6 10.O-O Ne5 11.Bg5 Be7 12.Bxf6 Bxf6 13.Be2 Rc8 14.f3 Qb6 15.Kh1 Ng6
16.Bxb5+ axb5 17.Ndxb5 Rc6 18.a4 Ba6 19.Re1 O-O 20.Ra3 Qc5 21.Qd2 Qh5 22.f4 Qh4
23.g3 Qh5 24.Qe2 Qxe2 25.Rxe2 Bxc3 26.bxc3 Ne7 27.Rd2 d5 28.e5 Nf5 29.Nd4 Nxd4
30.cxd4 Rfc8 31.Ra2 Rc3 32.Kg2 Rb8 33.g4 Rb1 34.f5 Bc4  0-1

[Event "TCh-BEL 2008-9"]
[Site "Belgium BEL"]
[Date "2008.12.07"]
[Round "5"]
[White "Decoster,F"]
[Black "Wirig,A"]
[Result "0-1"]
[WhiteElo "2283"]
[BlackElo "2458"]

1.e4 c5 2.Nf3 e6 3.d4 cxd4 4.Nxd4 a6 5.Nc3 Qc7 6.Bd3 b5 7.O-O Bb7 8.Qe2 Nf6
9.Kh1 Nc6 10.Nxc6 Qxc6 11.f3 b4 12.Nb1 Be7 13.a3 a5 14.axb4 axb4 15.Rxa8+ Bxa8
16.Nd2 O-O 17.e5 Nd5 18.Qe4 g6 19.Nc4 Qc5 20.Bd2 Bc6 21.Qe2 Ra8 22.Be3 Nxe3
23.Qxe3 Qxe3 24.Nxe3 Ra2 25.b3 Bc5 26.Ng4 Kg7 27.h4 h5 28.Nh2 Be7 29.g3 Ra5
30.Re1 Bc5 31.Be4 Bf2 32.Re2 Bxg3 33.Bxc6 dxc6 34.Re4 Rc5 35.Nf1 Bxe5 36.Rxb4 Rxc2
37.Ne3 Rf2  0-1

[Event "TCh-BEL 2008-9"]
[Site "Belgium BEL"]
[Date "2008.12.07"]
[Round "5"]
[White "Ahn,M"]
[Black "Lemmers,O"]
[Result "1/2-1/2"]
[WhiteElo "2321"]
[BlackElo "2388"]

1.e4 c5 2.Nf3 e6 3.Nc3 a6 4.d4 cxd4 5.Nxd4 d6 6.g4 b5 7.Bg2 Bb7 8.g5 Ne7
9.h4 d5 10.exd5 Nxd5 11.Qg4 Ra7 12.Ne4 Nc6 13.Nxe6 Qd7 14.N4c5 Bxc5 15.Nxg7+ Kd8
16.Qxd7+ Kxd7 17.Bxd5 Nd4 18.Bxb7 Rxb7 19.Be3 Nxc2+ 20.Kd2 Bxe3+ 21.Kxc2 Rc7+
22.Kd3 Bb6 23.Rac1 Rxc1 24.Rxc1 Bxf2 25.Nf5 Ke6 26.Ke4 Kd7 27.Rd1+ Kc7 28.Rc1+ Kd7
29.Rd1+ Kc7 30.Rd5 Re8+ 31.Re5 Re6 32.Rxe6 fxe6 33.Nd4 Kd6 34.Nf3 Ke7 35.h5 Bb6
36.Ne5 Bc7 37.Ng4 Kf7 38.Nh6+ Kg7 39.Ng4 Bd8 40.Ke5 Bxg5 41.Kxe6 a5 42.b3 a4
43.bxa4 bxa4  1/2-1/2

[Event "TCh-SLO"]
[Site "Murska Sobota SLO"]
[Date "2008.12.08"]
[Round "3"]
[White "Novak,G"]
[Black "Gjuran,D"]
[Result "1/2-1/2"]
[WhiteElo "2235"]
[BlackElo "2328"]

1.e4 c5 2.Nf3 e6 3.d4 cxd4 4.Nxd4 a6 5.Nc3 Nc6 6.Be2 Qc7 7.O-O Nf6 8.Kh1 Be7
9.f4 d6 10.Be3 O-O 11.Qe1 Nxd4 12.Bxd4 b5 13.a3 Bb7 14.Qg3 Rad8 15.Rae1 Bc6
16.Bd3 Qb7 17.Qh3 g6 18.f5 e5 19.Be3 d5 20.exd5 Bxd5 21.Bg5 e4 22.Nxd5 Qxd5
23.Bxe4 Qxe4 24.Bxf6 Qxe1 25.Rxe1 Bxf6 26.Qb3 Rd4 27.h3 Kg7 28.Qf3 Rd6 29.Rd1 Rxd1+
30.Qxd1 Rd8 31.Qc1 gxf5 32.b3 h6 33.c4 bxc4 34.bxc4 Rd3 35.a4 Kg6 36.Kg1 Bd4+
37.Kf1 Rc3 38.Qf4 Rxc4 39.Qd6+ Kg7 40.Qxa6 Rc3 41.a5 Be3 42.Qd6 Rc1+ 43.Ke2 f4
44.g3 Rc2+ 45.Kf3 Rf2+ 46.Kg4 Rg2 47.Kf5 Rxg3 48.Qf6+ Kg8 49.Qxh6 Rg6 50.Qh5 Kg7
51.Qf3 Rf6+ 52.Ke4 Re6+ 53.Kd5 Ra6 54.Qg2+ Rg6 55.Qb2+ Kg8 56.Ke4 Re6+ 57.Kf3 Rh6
58.Qb8+ Kh7 59.Qc8 Rh5 60.a6 Ra5 61.Qc2+ Kg8 62.Qc3 Ra2 63.h4 Rf2+ 64.Ke4 Rh2
65.Qa5 Kg7 66.Qg5+ Kh7 67.h5 Rh1 68.Qf6 Kg8 69.h6 Rg1 70.Qd8+ Kh7 71.Qf8 Rg6
72.Kf5 Rxh6 73.Qxf7+ Kh8 74.a7 Bxa7 75.Qxa7 f3 76.Qa8+ Kg7 77.Qb7+ Kg8 78.Qxf3 Kg7
79.Qb7+ Kf8 80.Qd7 Rh3 81.Qb7 Ke8 82.Qc8+ Ke7 83.Qc7+ Ke8 84.Kg6 Rd3 85.Qc6+ Rd7
86.Kf6 Kd8 87.Qb6+ Kc8 88.Qc6+ Rc7 89.Qa6+ Kd7 90.Ke5 Rc5+ 91.Kd4 Rh5 92.Qg6 Ra5
93.Qf7+ Kd6 94.Qe8 Ra1 95.Qg6+ Kd7 96.Qf5+ Kd6 97.Qd5+ Ke7 98.Qb7+ Kd6 99.Qb4+ Ke6
100.Ke4 Rh1 101.Qb6+ Ke7 102.Kf5 Rh5+ 103.Kg6 Rd5 104.Qc7+ Ke6 105.Qc4 Ke5
106.Kg5 Rd4 107.Qc3 Ke4 108.Kg4 Ke5+ 109.Kf3 Kd5 110.Ke3 Re4+ 111.Kd3 Re5
112.Qc4+ Kd6 113.Kd4 Rh5 114.Qa6+ Kc7 115.Qa7+ Kd6 116.Qb8+ Kd7 117.Qb7+ Kd6
118.Qe4 Ra5 119.Qe8 Ra1  1/2-1/2

[Event "III Open"]
[Site "Palma de Mallorca ESP"]
[Date "2008.12.09"]
[Round "4"]
[White "D'Costa,L"]
[Black "Kveinys,A"]
[Result "1/2-1/2"]
[WhiteElo "2411"]
[BlackElo "2533"]

1.e4 c5 2.Nf3 e6 3.d4 cxd4 4.Nxd4 a6 5.Nc3 Qc7 6.Bd3 Bd6 7.Qg4 Be5 8.Nde2 d6
9.Bf4 Bf6 10.Bd2 Nc6 11.O-O-O Nge7 12.Qf3 Bd7 13.g4 Nd4 14.Nxd4 Bxd4 15.Ne2 Ba7
16.g5 Bc6 17.Bc3 O-O 18.Ng3 d5 19.Nh5 dxe4 20.Bxe4 Nf5 21.Be5 Bxe4 22.Qxe4 Qc6  1/2-1/2

[Event "III Open"]
[Site "Palma de Mallorca ESP"]
[Date "2008.12.14"]
[Round "9"]
[White "Cabrera,Ale"]
[Black "Kveinys,A"]
[Result "1/2-1/2"]
[WhiteElo "2507"]
[BlackElo "2533"]

1.e4 c5 2.Nf3 e6 3.d4 cxd4 4.Nxd4 a6 5.Nc3 Qc7 6.g3 d6 7.Bg2 Bd7 8.O-O Nc6
9.Nxc6 Bxc6 10.a4 Nf6 11.a5  1/2-1/2

[Event "XXI Carlos Torre"]
[Site "Merida MEX"]
[Date "2008.12.16"]
[Round "5"]
[White "Altamirano Gonzalez,Y"]
[Black "Sanchez Enriquez,O"]
[Result "0-1"]
[WhiteElo "2152"]
[BlackElo "2303"]

1.e4 e6 2.Nf3 c5 3.d4 cxd4 4.Nxd4 a6 5.Nc3 b5 6.g3 Bb7 7.Bg2 Nf6 8.O-O b4
9.Na4 d6 10.c4 Nbd7 11.Re1 Rb8 12.Bd2 e5 13.Nc2 a5 14.f3 Bc6 15.Ne3 g6 16.a3 h5
17.axb4 axb4 18.h4 Bh6 19.b3 O-O 20.Nc2 Bxd2 21.Qxd2 Bxa4 22.Rxa4 Nc5 23.Rxb4 Rxb4
24.Nxb4 Qb6 25.Kh1 Rb8 26.Nd5 Nxd5 27.Qxd5 Nxb3 28.Rd1 Nd4 29.f4 Qb3 30.Rxd4 exd4
31.Qxd6 d3 32.e5 d2 33.Qxd2 Qxg3 34.Be4 Qxh4+ 35.Kg2 Qg4+ 36.Kf2 h4 37.c5 Qg3+
38.Ke2 Qh2+ 39.Ke3 Qg1+ 40.Ke2 Qxc5  0-1

[Event "XXI Carlos Torre"]
[Site "Merida MEX"]
[Date "2008.12.16"]
[Round "6"]
[White "Gonzalez Chavez,E"]
[Black "Arencibia Rodriguez,W"]
[Result "0-1"]
[WhiteElo "2126"]
[BlackElo "2536"]

1.e4 c5 2.Nf3 e6 3.Nc3 a6 4.d4 cxd4 5.Nxd4 b5 6.a3 Bb7 7.Bd3 Nc6 8.Nb3 Nf6
9.O-O Be7 10.f4 d6 11.Qf3 Qc7 12.Bd2 O-O 13.Rae1 b4 14.axb4 Nxb4 15.Kh1 Nxd3
16.Qxd3 Rfc8 17.f5 e5 18.Qg3 Kh8 19.Bg5 Nh5 20.Qh4 Bxg5 21.Qxg5 Nf6 22.Rf3 Qb6
23.Rg3 Rg8 24.Qe3 Qb4 25.Rh3 Rac8 26.Ra1 Rxc3 27.bxc3 Qxe4 28.Qxe4 Nxe4 29.Kg1 Rc8
30.Na5 Ba8 31.Rb1 h6 32.Rb6 Bd5 33.Rd3 Rc5 34.Rxa6 Nxc3 35.Nb3 Bxb3 36.cxb3 d5
37.b4 Rc4 38.b5 d4 39.f6 gxf6 40.Rxf6 Kg7 41.Rf1 e4 42.Rg3+ Kf8 43.b6 d3
44.Kf2 Rb4 45.Ke3 Nd5+  0-1

[Event "75th ch-BRA"]
[Site "Porto Alegre BRA"]
[Date "2008.12.16"]
[Round "11"]
[White "Diamant,A"]
[Black "Vescovi,G"]
[Result "1/2-1/2"]
[WhiteElo "2412"]
[BlackElo "2635"]

1.e4 c5 2.Nf3 e6 3.Nc3 a6 4.d4 cxd4 5.Nxd4 d6 6.Be2 Nf6 7.O-O Be7 8.f4 O-O
9.a4 Qc7 10.Be3 b6 11.Bf3 Bb7 12.g4 Nc6 13.g5 Nxd4 14.Qxd4 Nd7 15.Qd2 Rfe8
16.Bg2 Bf8 17.Rf3 d5 18.exd5 Rad8 19.Rh3 Nc5 20.Qf2 exd5 21.Qh4 h6 22.gxh6 d4
23.hxg7 Bxg7 24.Bxb7 Nxb7 25.Qh7+ Kf8 26.Rg3 f6 27.Ne4 Rxe4 28.Qxe4 dxe3
29.Rxe3 Nd6 30.Qb4 a5 31.Qc3 Nc4 32.Rd3 Qc5+ 33.Kh1 Qc6+ 34.Kg1 Qc5+ 35.Kh1 Rxd3
36.Qxd3 Qc6+ 37.Kg1 Nxb2 38.Qa3+ Qc5+ 39.Qxc5+ bxc5 40.f5 Bh6 41.Ra3 c4 42.Kf2 Ke7
43.Rg3 Kd6 44.Rg6 Bg5 45.Kg3 Ke5 46.Kg4 Bd2 47.Rg8 Nd1 48.Rd8 Ne3+ 49.Kf3 c3
50.Re8+ Kxf5 51.Rxe3 Bxe3  1/2-1/2

[Event "35th ch-IND w National A"]
[Site "New Delhi IND"]
[Date "2008.12.20"]
[Round "3"]
[White "Soumya,Sw"]
[Black "Amrutha,M"]
[Result "1/2-1/2"]
[WhiteElo "2326"]
[BlackElo "2163"]

1.e4 c5 2.Nf3 e6 3.d4 cxd4 4.Nxd4 a6 5.Nc3 b5 6.Bd3 Ne7 7.O-O Nbc6 8.Nf3 Ng6
9.Re1 Nge5 10.Nxe5 Nxe5 11.f4 Bc5+ 12.Kh1 Nxd3 13.Qxd3 O-O 14.Be3 Bxe3 15.Rxe3 b4
16.Ne2 d5 17.Rh3 e5 18.Rh5 Bg4 19.Rxe5 dxe4 20.Qxe4 Bxe2 21.Qxe2 Qd4 22.f5 Qxb2
23.Re1 f6 24.Qc4+ Kh8 25.R5e3 h6 26.Re7 Rac8 27.Qe6 Qxc2 28.Qxa6 Ra8 29.Qb7 Rab8
30.Qd7 Rbd8 31.Qe6 Qf2 32.Qe4 Qxa2 33.Qxb4 Qf2 34.Qg4 Rg8 35.Qg6 Rd5 36.Re8 Re5
37.R8xe5  1/2-1/2

[Event "8th Amplico AIG Life Rapid"]
[Site "Warsaw POL"]
[Date "2008.12.20"]
[Round "1"]
[White "Hasinski,S"]
[Black "Cyborowski,L"]
[Result "0-1"]
[WhiteElo "1786"]
[BlackElo "2504"]

1.e4 c5 2.Nf3 e6 3.d4 cxd4 4.Nxd4 a6 5.Nc3 b5 6.a3 Bb7 7.Be3 Qc7 8.Bd3 Nf6
9.O-O d6 10.f3 Nbd7 11.Kh1 Be7 12.Qe1 O-O 13.Qg3 Ne5 14.Be2 Rac8 15.f4 Nc4
16.Bxc4 Qxc4 17.e5 Ne4 18.Nxe4 Bxe4 19.f5 dxe5 20.Qxe5 Qd5 21.Qg3 Bxf5 22.Rad1 Qc4
23.Nxf5 exf5 24.Bd4 f6 25.Rxf5 Qxc2 26.Re1 Qxf5 27.Rxe7 Rf7 28.Qb3 Qf1+ 29.Bg1 Qc4
30.Qxc4 Rxc4 31.Re1 Rd7 32.b4 Rd3 33.Bc5 Rxa3 34.h3 a5 35.Re8+ Kf7 36.Re7+ Kg6
37.Rb7 axb4  0-1

[Event "8th Amplico AIG Life Rapid"]
[Site "Warsaw POL"]
[Date "2008.12.20"]
[Round "1"]
[White "Golabiewski,A"]
[Black "Gajewski,G"]
[Result "0-1"]
[WhiteElo "1831"]
[BlackElo "2577"]

1.e4 c5 2.Nf3 e6 3.d4 cxd4 4.Nxd4 a6 5.Nc3 b5 6.Bd3 Qb6 7.Nce2 Bb7 8.Be3 Qc7
9.c3 Nf6 10.Qc2 Be7 11.h3 d6 12.O-O Nbd7 13.a4 bxa4 14.f4 Nc5 15.e5 dxe5
16.fxe5 Qxe5 17.Nf5 exf5 18.Bd4 Qc7 19.Bxf5 Ne6 20.Rae1 Nxd4 21.Nxd4 O-O
22.Bd3 Bc5 23.Qd2 Bxd4+ 24.cxd4 Rfe8 25.Rc1 Qd6 26.Kh1 Qg3 27.Bf5 Ne4 28.Qf4 Qxf4
29.Rxf4 Ng3+ 30.Kh2 Ne2  0-1

[Event "8th Amplico AIG Life Rapid"]
[Site "Warsaw POL"]
[Date "2008.12.20"]
[Round "1"]
[White "Dadello,K"]
[Black "Kveinys,A"]
[Result "0-1"]
[WhiteElo "1800"]
[BlackElo "2533"]

1.e4 c5 2.Nf3 e6 3.d4 cxd4 4.Nxd4 a6 5.Nc3 Qc7 6.Bd2 Nf6 7.Bd3 b5 8.O-O Bb7
9.Qe2 d6 10.Kh1 Nbd7 11.f4 Be7 12.Rae1 Nc5 13.e5 Nxd3 14.exd6 Qxd6 15.Qxd3 O-O
16.Qe3 Rad8 17.Nce2 Qd5 18.Rg1 Bc5 19.c3 Qxa2 20.Bc1 Qd5 21.Qg3 Ne4 22.Qh4 Qh5  0-1

[Event "8th Amplico AIG Life Rapid"]
[Site "Warsaw POL"]
[Date "2008.12.20"]
[Round "3"]
[White "Najbar,Mar"]
[Black "Akesson,R"]
[Result "0-1"]
[WhiteElo "2225"]
[BlackElo "2484"]

1.e4 c5 2.Nf3 e6 3.d4 cxd4 4.Nxd4 a6 5.Nc3 b5 6.Bd3 Bb7 7.O-O Nc6 8.Nxc6 Bxc6
9.Kh1 b4 10.Nb1 Qc7 11.Nd2 Nf6 12.Qe2 Qb7 13.f3 Be7 14.Nc4 a5 15.Bf4 O-O
16.Bd6 Bxd6 17.Nxd6 Qc7 18.e5 Ne8 19.Rad1 Nxd6 20.exd6 Qb6 21.Rfe1 a4 22.Qd2 Ra5
23.a3 bxa3 24.bxa3 Rb8 25.h3 Qc5 26.Rb1 Raa8 27.Rb4 g6 28.Be4 Bxe4 29.Rexe4 Rb6
30.Rec4 Qxd6 31.Rd4 Qc5 32.Rxb6 Qxb6 33.Rxd7 Rf8 34.c4 Qc6 35.Qd4 e5 36.Qd5 Qf6
37.Ra7 Rb8 38.Ra8 Rxa8 39.Qxa8+ Kg7 40.Qxa4 e4 41.Qd1 e3 42.Qe2 Qc3 43.Kg1 Qc1+
44.Qf1 Qd2 45.Qa1+ f6  0-1

[Event "TCh-HUN 2008-9"]
[Site "Budapest HUN"]
[Date "2008.12.21"]
[Round "4"]
[White "Emodi,G"]
[Black "Kerek,K"]
[Result "1/2-1/2"]
[WhiteElo "2339"]
[BlackElo "2325"]

1.e4 c5 2.Nf3 e6 3.d4 cxd4 4.Nxd4 a6 5.Nc3 b5 6.Be2 Bb7 7.Bf3 Qc7 8.O-O Nc6
9.Nxc6 dxc6 10.Qe2 e5 11.Nd1 Nf6 12.Ne3 g6 13.b3 Bg7 14.c4 O-O 15.Bb2 Rfd8
16.Rfd1 Nd7 17.Rac1 b4 18.a3 Nc5 19.Qc2 a5 20.Bg4 h5 21.Bh3 Bc8  1/2-1/2

[Event "8th Amplico AIG Life Rapid"]
[Site "Warsaw POL"]
[Date "2008.12.21"]
[Round "11"]
[White "Butkiewicz,L"]
[Black "Kveinys,A"]
[Result "0-1"]
[WhiteElo "2328"]
[BlackElo "2533"]

1.e4 c5 2.Nf3 e6 3.d4 cxd4 4.Nxd4 a6 5.Nc3 Qc7 6.Be2 Nf6 7.a3 b5 8.f3 Bb7
9.Be3 d6 10.O-O Nbd7 11.Bd3 g6 12.f4 Bg7 13.Kh1 O-O 14.f5 gxf5 15.exf5 e5
16.Nb3 d5 17.Bg5 d4 18.Nb1 Rac8 19.c3 e4 20.Be2 d3 21.Bh5 Ne5 22.N1d2 Rfe8
23.Nd4 Nc4 24.Nxc4 bxc4 25.Re1 Qe5 26.Bg4 Kh8 27.Bh3 Rg8 28.Qd2 Rce8 29.Bf4 Qc5
30.Be3 Qa5 31.g4 Nd5 32.g5 Be5 33.Bg2 Qc7 34.Bxe4 Nxc3 35.bxc3 Bxe4+ 36.Kg1 Ba8
37.Rab1 Qd7 38.Rf1 f6 39.h4 Bc7 40.Ne6 Qd5 41.Kf2 Qxf5+  0-1